Least Guessed MLB Teams on JetPunk - Statistics

General Stats
  • This quiz has been taken 157 times
  • The average score is 4 of 5
Answer Stats
% Team % Correct
68 Kansas City Royals
77%
70 Minnesota Twins
72%
68 Milwaukee Brewers
69%
69 Colorado Rockies
67%
70 San Diego Padres
67%
No matching quizzes found
Score Distribution
Percent of People with Each Score
Percentile by Number Answered
Your Score History
You have not taken this quiz